| 000 | 00965cam a2200253 a 4500 | ||
|---|---|---|---|
| 001 | 2488126 | ||
| 005 | 20230414124552.0 | ||
| 008 | 911003r19921988nyu 000 0 eng | ||
| 010 | _a 91033291 | ||
| 020 |
_a0312069855 (pbk.) : _c$10.95 |
||
| 040 |
_aDLC _cDLC _dDLC |
||
| 050 | 0 | 0 |
_aRC596 _b.N85 1992 |
| 082 | 0 | 0 |
_a616.97 _220 _bNUL |
| 100 | 1 |
_aNull, Gary. _9111918 |
|
| 245 | 1 | 0 |
_aGood food, good mood : _btreating your hidden allergies / _cGary Null with Martin Feldman. |
| 260 |
_aNew York : _bSt. Martin's Press, _c1992, c1988. |
||
| 300 |
_ax, 214 p. ; _c21 cm. |
||
| 504 | _aIncludes bibliographical references (p. 209) and index. | ||
| 650 | 0 |
_aFood allergy _xDiet therapy _xRecipes. _9111919 |
|
| 700 | 1 |
_aFeldman, Martin, _d1939- _9111920 |
|
| 906 |
_a7 _bcbc _corignew _d1 _eocip _f19 _gy-gencatlg |
||
| 942 |
_2ddc _cBK |
||
| 999 |
_c594513 _d594513 |
||